KOHA-Header-6

Reading Through Clour (Record no. 2627)

000 -LEADER
fixed length control field 00216nam a22001097a 4500
082 ## - DEWEY DECIMAL CLASSIFICATION NUMBER
Classification number 658.45
100 ## - MAIN ENTRY--AUTHOR NAME
Personal name Arnold Wilking
245 ## - TITLE STATEMENT
Title Reading Through Clour
260 ## - PUBLICATION, DISTRIBUTION, ETC. (IMPRINT)
Place of publication USA
Name of publisher CRC
Year of publication 2003
300 ## - PHYSICAL DESCRIPTION
Number of Pages 250
942 ## - ADDED ENTRY ELEMENTS (KOHA)
Koha item type Books
Holdings
Withdrawn status Lost status Permanent Location Current Location Date acquired Full call number Accession Number Koha item type
    MAJU MAJU 2019-08-31 658.45 Av304 Books

Powered by Koha